Zusammenhänge zwischen Handelspolitik und Migration. (Record no. 8850)
[ view plain ]
| 000 -LEADER | |
|---|---|
| fixed length control field | 00613nam a2200193uu 4500 |
| 001 - CONTROL NUMBER | |
| control field | WIIW0000183 |
| 003 - CONTROL NUMBER IDENTIFIER | |
| control field | OSt |
| 005 - DATE AND TIME OF LATEST TRANSACTION | |
| control field | 20191014124934.0 |
| 008 - FIXED-LENGTH DATA ELEMENTS--GENERAL INFORMATION | |
| fixed length control field | 190820t2019 |||||||||| ||| ||ger d |
| 040 ## - CATALOGING SOURCE | |
| Transcribing agency | OSt |
| 041 ## - LANGUAGE CODE | |
| Language code of text/sound track or separate title | ger |
| 100 ## - MAIN ENTRY--PERSONAL NAME | |
| Personal name | Schmieg, Evita |
| 245 1# - TITLE STATEMENT | |
| Title | Zusammenhänge zwischen Handelspolitik und Migration. |
| Remainder of title | Ein Aktionsfeld für die EU |
| 260 ## - PUBLICATION, DISTRIBUTION, ETC. | |
| Place of publication, distribution, etc. | Berlin : |
| Name of publisher, distributor, etc. | SWP Stiftung Wissenschaft und Politik, |
| Date of publication, distribution, etc. | September 2019 |
| 300 ## - PHYSICAL DESCRIPTION | |
| Extent | 35 S. |
| 490 ## - SERIES STATEMENT | |
| Series statement | SWP-Studie |
| Volume/sequential designation | 2019/22 |
| International Standard Serial Number | 1611-6372 |
| 856 42 - ELECTRONIC LOCATION AND ACCESS | |
| Uniform Resource Identifier | <a href="https://www.swp-berlin.org/fileadmin/contents/products/studien/2019S22_scm_Web.pdf">https://www.swp-berlin.org/fileadmin/contents/products/studien/2019S22_scm_Web.pdf</a> |
| 942 ## - ADDED ENTRY ELEMENTS (KOHA) | |
| Koha item type | Paper |
| Withdrawn status | Lost status | Damaged status | Not for loan | Home library | Current library | Shelving location | Date acquired | Total Checkouts | Barcode | Date last seen | Price effective from | Koha item type |
|---|---|---|---|---|---|---|---|---|---|---|---|---|
| WIIW | WIIW | Library | 10/14/2019 | 2000000007199 | 10/14/2019 | 10/14/2019 | Paper |
